000 00316nam a2200109Ia 4500
008 200302s9999 xx 000 0 und d
100 _aChuang Fang Jung
245 _aHistorical Sites of the First Rank in Taiwan and Kinmen
260 _bCouncil for Cultural Planning & Development
260 _c1987
300 _a208 P.,
999 _c2403
_d2403